Govt. of
Madhya Pradesh

Reflections on the Mahabharata War (Record no. 15736)

MARC details
000 -LEADER
fixed length control field 003660000a22001570004500
001 - CONTROL NUMBER
control field 003843
003 - CONTROL NUMBER IDENTIFIER
control field MACL
040 ## - CATALOGING SOURCE
Original cataloging agency MACL
090 ## - LOCALLY ASSIGNED LC-TYPE CALL NUMBER (OCLC); LOCAL CALL NUMBER (RLIN)
-- 15836
-- 15835
100 ## - MAIN ENTRY--PERSONAL NAME
Personal name Mehendale, M.A
245 ## - TITLE STATEMENT
Title Reflections on the Mahabharata War
Statement of responsibility, etc. M.A Mehendale
260 ## - PUBLICATION, DISTRIBUTION, ETC. (IMPRINT)
Place of publication, distribution, etc. Indian Institute Of Advanced Study,
Date of publication, distribution, etc. 1995
350 ## - PRICE (NR) (BK AM CF MU VM SE) [OBSOLETE]
Price 75
650 ## - SUBJECT ADDED ENTRY--TOPICAL TERM
Topical term or geographic name as entry element Religion
942 ## - ADDED ENTRY ELEMENTS (KOHA)
Call number prefix 245
Koha item type Library Membar
Holdings
Withdrawn status Lost status Source of classification or shelving scheme Damaged status Not for loan Home library Current library Date acquired Cost, normal purchase price Total Checkouts Full call number Barcode Date last seen Uniform Resource Identifier Price effective from Koha item type
          MACL MACL 15/04/2015 75.00   245 CRE010611 02/05/2024 15638 15/04/2015 Books